|
|
|
|
| LEADER |
01347nam a2200313 a 4500 |
| 001 |
12712082 |
| 003 |
BD-DhAAL |
| 005 |
20260106152851.0 |
| 008 |
090506r20052002njua b 001 0 eng d |
| 020 |
|
|
|a 8178086751
|
| 020 |
|
|
|a 0130323934
|
| 040 |
|
|
|a DLC
|c DLC
|d DLC
|
| 082 |
0 |
0 |
|a 629.8/3
|2 21
|
| 100 |
1 |
|
|a Franklin, Gene F.
|9 60078
|
| 245 |
1 |
0 |
|a Feedback control of dynamic systems /
|c Gene F. Franklin, J. David Powell, Abbas Emami-Naeini.
|
| 250 |
|
|
|a Fourth edition.
|
| 260 |
|
|
|a Upper Saddle River, NJ :
|b Prentice Hall, ;
|a Delhi :
|b Pearson Education,
|c c2002 [Reprinted 2005].
|
| 300 |
|
|
|a 928 pages :
|b ill. (some col.) ;
|c 25 cm.
|
| 504 |
|
|
|a Includes bibliographical references and index.
|
| 541 |
1 |
|
|e 00013848
|
| 650 |
|
0 |
|a Feedback control systems.
|9 60079
|
| 650 |
|
0 |
|a Feedback control systems.
|9 60079
|
| 700 |
1 |
|
|a Powell, J. David,
|d 1938-
|9 60080
|
| 700 |
2 |
|
|a Emami-Naeini, Abbas.
|9 60081
|
| 852 |
4 |
|
|a Ayesha Abed Library
|j General shelf
|
| 942 |
|
|
|2 ddc
|c BK
|
| 999 |
|
|
|c 8817
|d 8817
|
| 952 |
|
|
|0 0
|1 0
|2 ddc
|4 0
|6 629_830000000000000_FRA_2005
|7 0
|9 10721
|a BRACUL
|b BRACUL
|c GEN
|d 2010-06-08
|l 7
|m 66
|o 629.83 FRA
|p 3010013848
|r 2017-04-25
|s 2017-01-09
|t 1
|w 2010-06-08
|y BK
|
| 952 |
|
|
|0 0
|1 0
|2 ddc
|4 0
|6 629_830000000000000_FRA_2005
|7 0
|9 10722
|a BRACUL
|b BRACUL
|c GEN
|d 2010-06-08
|l 5
|m 77
|o 629.83 FRA
|p 3010013847
|r 2017-08-30
|s 2017-01-09
|t 2
|w 2010-06-08
|y BK
|